| 000 | 00909nam a2200229 i 4500 | ||
|---|---|---|---|
| 001 | 188228 | ||
| 003 | SpMaBN | ||
| 005 | 20230906223140.0 | ||
| 008 | 180626s1944 sp f |||| |bspa d | ||
| 080 | _a929 Nobel, Alfred | ||
| 100 | 1 |
_aOller Xaus, Juan. _9165045 |
|
| 245 | 1 | 0 |
_aAlfredo Bernardo Nobel, inventor de los explosivos rápidos, progreso en la paz, destrucción y muerte en la guerra / _cpor Juan Oller Xaus ; con cuatro láminas fuera de texto. |
| 246 | 3 | 4 | _aNobel |
| 250 | _a1ª ed. | ||
| 260 |
_aBarcelona : _bFelipe González-Rojas, _c1944. |
||
| 300 |
_a124 p., [4] h. de lám. ; _c17 cm. |
||
| 490 | 1 |
_aPequeñas biografías de grandes hombres ; _v2 |
|
| 600 | 1 | 4 |
_aNobel, Alfred. _9150777 |
| 830 | 0 |
_aPequeñas biografías de grandes hombres ; _v2 _9225660 |
|
| 852 |
_aES-MaACL _jL-32088 _z. - Donat. herederos de la bibl. de Mª del Pilar Costa Palacín |
||
| 999 |
_c188228 _d188228 |
||